Un vampiro en la historia : (Record no. 196132)

MARC details
000 -LEADER
campo de control de longitud fija 02113nam a2200337 i 4500
001 - NÚMERO DE CONTROL
campo de control 196132
003 - IDENTIFICADOR DE NÚMERO DE CONTROL
campo de control ES-MaACL
005 - FECHA Y HORA DE LA ÚLTIMA TRANSACCIÓN
campo de control 20250806063150.0
008 - DATOS DE LONGITUD FIJA--INFORMACIÓN GENERAL
campo de control de longitud fija 240813e2023 sp ||||| |||| 00| 0 spa d
017 ## - NÚMERO DE COPYRIGHT O DE DEPÓSITO LEGAL
Número de copyright o de depósito legal VA 908-2023
Agencia que asigna Oficina Depósito Legal Valladolid
020 ## - NÚMERO INTERNACIONAL ESTÁNDAR DEL LIBRO
Número Internacional Estándar del Libro 9788412760019
040 ## - FUENTE DE CATALOGACIÓN
Lengua de catalogación spa
Centro/agencia transcriptor ES-MaACL
080 ## - NÚMERO DE LA CLASIFICACIÓN DECIMAL UNIVERSAL
Número de la Clasificación Decimal Universal 821.134.2-31"20"
100 1# - ENTRADA PRINCIPAL--NOMBRE DE PERSONA
Nombre de persona Codina Rodríguez, Fernando
Término indicativo de función/relación Autor
9 (RLIN) 238631
245 13 - MENCIÓN DEL TÍTULO
Título Un vampiro en la historia :
Resto del título (1840-2022) /
Mención de responsabilidad, etc. Fernando Codina Rodríguez.
250 ## - MENCION DE EDICION
Mención de edición Primera edición: diciembre 2023
260 ## - PUBLICACIÓN, DISTRIBUCIÓN, ETC.
Lugar de publicación, distribución, etc. Valladolid :
Nombre del editor, distribuidor, etc. Editorial Suseya,
Fecha de publicación, distribución, etc. 2023.
300 ## - DESCRIPCIÓN FÍSICA
Extensión 404 páginas ;
Dimensiones 21 cm
336 ## - TIPO DE CONTENIDO
Fuente rdacontent
Término de tipo de contenido texto
337 ## - TIPO DE MEDIO
Fuente rdamedia
Nombre/término del tipo de medio sin mediación
338 ## - TIPO DE SOPORTE
Fuente rdacarrier
Nombre/término del tipo de soporte volumen
520 ## - RESUMEN, ETC.
Sumario, etc. Julián Mesías es un antiguo periodista, reconvertido en investigador de élite de una empresa farmacéutica americana. Su vida es de lo más normal, hasta que un día decide involucrarse en una pequeña antología colectiva sobre el mundo de los vampiros. Como no le apetece quedarse limitado a lo que hacen todos los demás escritores, decide que va a localizar a un auténtico vampiro, para entrevistarle. Esta no es una novela de vampiros al uso, tanto por sus protagonistas el Príncipe Máximo, Julián Mesías, su confidente, la bella y peligrosa Myriam, o la dulce Beatrice, como por la trama temporal o la forma de escribirla, a través de una serie de entrevistas en el corazón de la noche madrileña. Porque la ciudad también es una protagonista secundaria, tanto de día como de noche, y por ella se mueven los protagonistas. Al mismo tiempo, permite asomarse a un mundo desconocido, el de los vampiros, de una manera poco habitual.
655 #0 - TERMINO DE INDIZACIÓN--GENERO/FORMA
Datos o término principal de género/forma Novelas
9 (RLIN) 234319
852 ## - LOCALIZACIÓN
Ubicación ES-MaACL
Ubicación en estantería Depósito J
Número de control de estantería N-10111
Encuadernación Encuadernación rústica
Donativo/Legado Donación: Fernando Codina Rodríguez
itemnumber 206230
903 ## - NOMBRE PERSONAL DE DONANTE
a Codina Rodríguez, Fernando
e Donante
9 238631
942 ## - ELEMENTOS DE ENTRADA SECUNDARIOS (KOHA)
Tipo de ítem Koha Libro impreso
Suprimir en OPAC No
Holdings
Estatus retirado Estado de pérdida Fuente del sistema de clasificación o colocación Estado de daño No para préstamo Biblioteca de origen Biblioteca actual Ubicación en estantería Fecha de adquisición Fuente de adquisición Número de control de estantería Total de préstamos Signatura topográfica completa Código de barras Visto por última vez Precio de reemplazo Tipo de ítem Koha
    Clasificación decimal universal     Biblioteca del Ateneo de Madrid Biblioteca del Ateneo de Madrid Depósito J 14/07/2025 Donación Ateneísta   N-10111 2025-0621 14/07/2025 14/07/2025 Libro impreso